Statistiques concernant Devinez l'État Américain Mystère #18

Cliquez ici pour prendre le quiz!

Statistiques générales

  • Ce quiz a été pris 173 fois
  • Le résultat moyen est 31 sur 35

Statistiques - réponses

Type de RéponseRéponse% Correct
Lettre de l'AlphabetA
100%
Lettre de l'AlphabetI
100%
Lettre TrouvéeN
100%
Lettre de l'AlphabetO
100%
Lettre TrouvéeC
99%
Lettre TrouvéeE
99%
Lettre de l'AlphabetL
99%
Lettre de l'AlphabetR
99%
Lettre de l'AlphabetG
98%
Lettre de l'AlphabetS
98%
Lettre de l'AlphabetH
96%
Lettre de l'AlphabetM
96%
Lettre de l'AlphabetD
95%
Lettre de l'AlphabetF
94%
Lettre TrouvéeT
93%
Lettre TrouvéeK
91%
Lettre de l'AlphabetW
91%
Lettre TrouvéeU
89%
Lettre de l'AlphabetV
89%
Lettre de l'AlphabetB
86%
Lettre de l'AlphabetP
84%
Lettre TrouvéeY
83%
Lettre Bien PlacéeE
82%
Lettre de l'AlphabetX
82%
Lettre Bien PlacéeK
80%
Lettre de l'AlphabetZ
80%
Lettre de l'AlphabetJ
78%
Lettre de l'AlphabetQ
77%
Lettre Bien PlacéeC
75%
Lettre Bien PlacéeK
75%
État MystèreKentucky
75%
Lettre Bien PlacéeN
75%
Lettre Bien PlacéeT
75%
Lettre Bien PlacéeU
75%
Lettre Bien PlacéeY
75%

Distribution des résultats

Percentile par nombre de réponses

% des personnes avec chaque résultat

Votre développement - résultats

Vous n’avez pas pris ce quiz